Statistiques concernant Nommez un département français valide aléatoire

Cliquez ici pour prendre le quiz!

Statistiques générales

  • Ce quiz a été pris 670 fois
  • Le résultat moyen est 15 sur 20

Statistiques - réponses

Nommez un département...Réponses possibles% Correct
...de la région CorseCorse-du-Sud | Haute-Corse
98%
...traversé par la GaronneHaute-Garonne | Tarn-et-Garonne | Lot-et-Garonne | Gironde
98%
...de la région Provence-Alpes-
Côte d'Azur
Alpes-de-Haute-Provence | Alpes-Maritimes | Bouches-du-Rhône | Hautes-Alpes | Var | Vaucluse
96%
...avec une commune de plus de 500 000 habitantsParis | Bouches-du-Rhône | Rhône (et métropole de Lyon)
94%
...en trois lettresAin | Lot | Var
93%
...en quatre lettresAube | Aude | Cher | Eure | Gard | Gers | Jura | Nord | Oise | Orne | Tarn
93%
...où le breton est une langue régionaleFinistère | Morbihan | Côtes-d'Armor | Ille-et-Vilaine | (Loire Atlantique)
93%
...traversé par la chaîne des PyrénéesPyrénées-Orientales | Aude | Ariège |
Haute-Garonne | Hautes-Pyrénées | Pyrénées-Atlantiques
93%
...dont le nom commence par "D"Dordogne | Doubs | Drôme | Deux-Sèvres
92%
...avec plus de 2700 heures d'ensoleillement (en 2020)Bouches-du-Rhône | Var | Vaucluse | Alpes-de-Haute-Provence
91%
...dont le nom commence par "G"Gard | Gers | Gironde | Guadeloupe | Guyane
91%
...de plus de 10 000 km²Guyane | Gironde
91%
...dont le nom commence par "T"Tarn | Tarn-et-Garonne | Territoire de Belfort
91%
...frontalier d'un micro-étatAlpes-Maritimes | Ariège | Pyrénées-Orientales
90%
...dont le nom commence par "Y"Yvelines | Yonne
90%
...de la région NormandieCalvados | Eure | Manche | Orne | Seine-Maritime
89%
...dont le nom commence par "F"Finistère
89%
...frontalier de l'AllemagneMoselle | Bas-Rhin | Haut-Rhin
89%
...dont le nom commence par "N"Nièvre | Nord
89%
...dont le numéro contient une lettreCorse-du-Sud | Haute-Corse
88%
...dont le nom commence par "E"Eure | Eure-et-Loir | Essonne
88%
...de la région Pays de la LoireLoire-Atlantique | Maine-et-Loire | Mayenne | Sarthe | Vendée
88%
...frontalier de la BelgiqueNord | Aisne | Ardennes | Meuse | Meurthe-et-Moselle
88%
...avec plus de 20 stations de ski alpinSavoie | Haute-Savoie | Isère | Hautes-Alpes
88%
...de la région Hauts-de-FranceAisne | Nord | Oise | Pas-de-Calais | Somme
87%
...avec un PIB/habitant supérieur à 40 000 €Paris | Hauts-de-Seine | Yvelines
87%
...de la région Bourgogne-Franche-ComtéCôte-d'Or | Doubs | Haute-Saône | Jura | Nièvre | Saône-et-Loire | Territoire de Belfort | Yonne
86%
...frontalier du BrésilGuyane
86%
...dont le nom commence par "I"Ille-et-Vilaine | Indre | Indre-et-Loire | Isère
86%
...où est né un Président de la Vème RépubliqueNord | Cantal | Charente | Paris | Seine-Maritime | Somme
86%
...frontalier de la SuisseAin | Doubs | Haute-Savoie | Jura | Territoire de Belfort
85%
...frontalier de deux paysAlpes-Maritimes | Ariège | Guyane | Haut-Rhin | Haute-Savoie | Meurthe-et-Moselle | Moselle | Pyrénées-Orientales
85%
...avec une commune nommée
Rennes
Ille-et-Vilaine | Mayenne | Aude | Doubs
85%
...concerné par l'IGP "Foie gras du Sud-Ouest"Landes | Gers | Hautes-Pyrénées | Haute-Garonne | Tarn-et-Garonne | Dordogne | Haute-Vienne | Corrèze | Lot | Lot-et-Garonne
85%
...avec plus de 10 000 habitants/km²Paris | Hauts-de-Seine
85%
...nommé d'après une îleCorse-du-Sud | Haute-Corse | Guadeloupe | Martinique | Mayotte | La Réunion
84%
...faisant partie des AntillesGuadeloupe | Martinique
84%
...avec une altitude maximale supérieure
à 4 000m
Haute-Savoie | Hautes-Alpes | Isère
84%
...ayant accueilli les Jeux Olympiques d'hiverHaute-Savoie | Isère | Savoie
84%
...dont le nom commence par "O"Oise | Orne
84%
...de la région BretagneCôtes-d'Armor | Finistère | Ille-et-Vilaine | Morbihan
83%
...dans l'Océan IndienMayotte | La Réunion
83%
...dont le nom commence par "B"Bas-Rhin | Bouches-du-Rhône
82%
...à majorité musulmaneMayotte | Seine-Saint-Denis
82%
...où se situe l'aéroport Roissy-Charles-de-GaulleVal-d'Oise | Seine-Saint-Denis | Seine-et-Marne
82%
...visité par James BondEure-et-Loir | Paris | Oise | Alpes-Maritimes
81%
...où Noël est fêté en étéLa Réunion | Mayotte
81%
...frontalier du LuxembourgMoselle | Meurthe-et-Moselle
81%
...de la région Centre-Val-de-LoireCher | Eure-et-Loir | Indre | Indre-et-Loire | Loir-et-Cher | Loiret
80%
...complètement à l'Ouest de l'EspagneGuyane | Guadeloupe | Martinique
80%
...plus petit que MalteParis | Hauts-de-Seine | Seine-Saint-Denis | Val de Marne
80%
...organisant un Masters 1000 de tennisAlpes-Maritimes | Paris
79%
...complètement à l'Est de la SuisseMayotte | La Réunion
79%
...culminant à plus de 4000 mHaute-Savoie | Hautes-Alpes | Isère
78%
...dont le nom contient plus de 18 lettresAlpes-de-Haute-Provence | Pyrénées-Atlantiques |
Territoire de Belfort
77%
...où vécut Napoléon Ier (Paris exclu)Corse-du-Sud | Drôme | Côte-d'Or | Bouches-du-Rhône | Var | Alpes-Maritimes | Seine-et-Marne
77%
...où le 26 décembre est fériéBas-Rhin | Haut-Rhin | Moselle
76%
...dont le nom contient un "X"Deux-Sèvres
76%
...où l'espérance de vie n'excède pas 77 ansGuyane | Guadeloupe | Pas-de-Calais | Aisne | Mayotte
74%
...où vécut Napoléon IIIParis | Oise
74%
...avec plus de la moitié de son territoire couvert par des forêtsGuyane | Corse-du-Sud | Landes | Var | La Réunion | Alpes-Maritimes
73%
...avec des Châteaux de la Loire royauxIndre-et-Loire | Maine-et-Loire | Loir-et-Cher
73%
...où l'on peut produire du champagne (AOC)Marne | Aube | Aisne | Haute-Marne | Seine-et-Marne
72%
...nommé d'après sa situation géographiqueFinistère | Nord
71%
...faisant la jonction entre deux mers/océansPas-de-Calais | Finistère
70%
...traversé par la Dordogne (Dordogne exclue)Puy-de-Dôme | Cantal | Corrèze | Lot | Gironde
69%
...créé après 1970Mayotte | Paris | Haute-Corse | Corse-du-Sud
68%
...nommé d'après une villeParis | Pas-de-Calais | Territoire de Belfort | Seine-Saint-Denis | Vaucluse
68%
...où Marine Le Pen a obtenu la majorité des suffrages au second tour en 2017Aisne | Pas-de-Calais
67%
...visité par TintinSeine-Maritime | Loire-Atlantique | Charente-Maritime | Paris | Bouches Rhône | Alpes
65%
...dont la préfecture compte moins de 10 000 habitantsArdèche | Ariège
64%
...avec un lac (ou étang) de plus de 60 km²Haute-Savoie | Bouches-du-Rhône | Hérault
64%
...résultant de la dissolution de la SeineParis | Hauts-de-Seine | Seine-Saint-Denis | Val-de-Marne
64%
...avec exactement une frontière départementaleCorse-du-Sud | Haute-Corse
63%
...avec seulement un député (une circonscription)Creuse | Lozère
63%
...avec un record de chaleur
inférieur à 38°C
Ariège | Doubs | Manche | Finistère
59%
...traversé plus de 100 fois par le Tour de France (Paris exclu)Hautes-Pyrénées | Pyrénées-Atlantiques | Haute-Garonne
59%
...deviné moins de la moitié du temps
au quiz des départements
Haute-Saône | Haute-Vienne | Maine-et-Loire |
Deux-Sèvres | Orne | Nièvre | Yonne | Haute-Marne
58%
...avec plus d'un cinquième de ses habitants vivant sous le seuil de pauvreté (hors DROM)Seine-Saint-Denis | Aude | Haute-Corse | Pyrénées-Orientales
58%
...du DauphinéDrôme | Hautes-Alpes | Isère | Rhône
56%
...dont la préfecture commence par "G"Hautes-Alpes | Creuse | Isère
56%
...portant le nom d'un cours d'eau ne le traversant pasVar
55%
...nommé d'après une étendue forestièreLandes | Yvelines
53%
...ayant des points en dessous du niveau de la merBouches-du-Rhône | Nord
51%
...avec plus de 12% de taux de chômageMayotte | La Réunion | Guyane | Guadeloupe | Martinique | Pyrénées-Orientales
50%
...concerné par l'AOC dinde de
Bresse
Ain | Saône-et-Loire | Jura
48%
...où peut être produit le Saint-NectaireCantal | Puy-de-Dôme
48%
...ayant changé de nomMaine-et-Loire | Gironde | Vendée | Charente-Maritime | Seine-Maritime | Loire-Atlantique | Pyrénées-Atlantiques | Alpes-de-Haute-Provence | Côtes-d'Armor
44%
...traversé par la DuranceHautes-Alpes | Alpes-de-Haute-Provence | Bouches-du-Rhône | Var | Vaucluse
43%
...avec plus de 50 AOP/AOCCôte-d'Or | Saône-et-Loire | Yonne | Bas-Rhin | Haut-Rhin
39%
...dont la préfecture commence par "F"Ariège | Martinique
38%
...avec plus d'un dixième de ses habitants ProtestantsDrôme | Bas-Rhin | Territoire de Belfort
38%
...contenant les lettres du mot
"Noël"
Saône-et-Loire | Indre-et-Loire | Lot-et-Garonne | Pyrénées-Orientales | Loire-Atlantique | Maine-et-Loire | Alpes-de-Haute-Provence
38%
...avec plus de 7 frontières départementalesMaine-et-Loire | Seine-et-Marne
37%
...ayant accueilli une succursale du musée Grévin (Paris exclu)Hautes-Pyrénées | Indre-et-Loire | Charente-Maritime | Côte-d'Or | Manche | Pyrénées-Atlantiques | Bouches-du-Rhône
32%
...avec plus de 700 communesPas-de-Calais | Aisne | Somme | Moselle | Seine-Maritime
30%
...où est né un Président de la IVème RépubliqueSeine-Maritime | Haute-Garonne
26%
...avec une cheminée de plus de
200 m
Bouches-du-Rhône | Gard | Seine-Maritime | Loire-Atlantique | Yvelines
18%
...où JetPunk est moins populaire que SporcleOise | Ille-et-Vilaine | Finistère
12%
...considéré comme en situation de plein-emploi (chômage<5%)Cantal
4%

Distribution des résultats

Percentile par nombre de réponses

% des personnes avec chaque résultat

Votre développement - résultats

Vous n’avez pas pris ce quiz